000 00980na a2200289 4500
001 23584
003 MIRAKIL
005 20181213155322.0
008 180109b tu 000 0
020 _a9755123792
040 _aMilas
_btur
_cTR-AnCHP
041 _atur
082 _a330.122
_bE45k 1999
090 _a330.122 E45k 1999
100 _aEkin, Nusret
245 _aKüreselleşme ve gümrük birliği
_bÇalışma yaşamında dönüşüm: çelişkiler ve fırsatlar
_chazırlayan Nusret Ekin
246 _aÇalışma yaşamında dönüşüm: çelişkiler ve fırsatlar
250 _agünc. 2. bs.
260 _aİstanbul
_bİstanbul Ticaret Odası (İTO)
_c1999
300 _a432 s.
_btbl.
_c23 sm.
440 _aİstanbul Ticaret Odası
_vyayın no: 1999-47
504 _aKaynakça var.
650 _aGümrük Birliği
_xTürkiye
650 _aKüreselleşme
740 _aÇalışma yaşamında dönüşüm: çelişkiler ve fırsatlar
942 _2ddc
_cBKS
999 _c10446
_d10446